000 00380nam a2200133Ia 4500
008 151001s9999||||xx |||||||||||||| ||und||
100 _aउषादेवी विजय कोल्हाटकर
245 _aजम्स
250 _a1
260 _bविमल पब्लिकेशन मुंबई
260 _c1989
300 _a160
365 _b21
999 _c966889
_d966886